2010s Movies #2 - Statistics

General Stats
  • This quiz has been taken 46 times
  • The average score is 10 of 16
Answer Stats
Picture Answer % Correct
Joker
95%
Black Swan
86%
Inside Out
86%
The Revenant
77%
Whiplash
73%
Captain Phillips
61%
Dunkirk
61%
12 Years a Slave
59%
Her
55%
Drive
50%
Dallas Buyers Club
48%
The Imitation Game
45%
Ex Machina
43%
Call Me By Your Name
41%
Logan
39%
Manchester by the Sea
34%
No matching quizzes found
Score Distribution
Percent of People with Each Score
Percentile by Number Answered
Your Score History
You have not taken this quiz